01137nam a2200193Ia 4500001001100000003001000011008004100021040002500062041001200087100001700099245005500116250001100171260009200182300001200274500026000286501011400546520026000660650002300920L250-16713IT-CnALBA170116s9999||||xx |||||||||||||| ||und|| aIT-CnALBAcIT-CnALBA aLATINO  aSENZA AUTORE 0aSYNODUS DIOECESANA ALBENSIS, A.D. MCMXLIV (1944).  a1a ed. aCINISELLO BALSAMO (MI)bEDIZIONI PAOLINEc1944 [1° Ed.:1944 - Ed.Ling.Originale: 1944] a235 p.  aPROFESSIONE DI FEDE. NORME GENERALI. PREDICAZIONE. CATECHESI. OMELIE. SEMINARIO. SCUOLE. DISCIPLINA DEI CHIERICI. PAPA. VISITE EPISCOPALI. CURIA DIOCESANA. CAPITOLO DEI CANONICI. PARROCI. ECONOMI. DISCIPLINA DEI RELIGIOSI. AZIONE CATTOLICA. ASSOCIAZIONI.  aSocietà San Paolo EM - Piazza San Paolo, 14 - 12051 ALBA (CN) (non commercial uses only) ® Copyright 2017 aPROFESSIONE DI FEDE. NORME GENERALI. PREDICAZIONE. CATECHESI. OMELIE. SEMINARIO. SCUOLE. DISCIPLINA DEI CHIERICI. PAPA. VISITE EPISCOPALI. CURIA DIOCESANA. CAPITOLO DEI CANONICI. PARROCI. ECONOMI. DISCIPLINA DEI RELIGIOSI. AZIONE CATTOLICA. ASSOCIAZIONI.  aTEOLOGIA PASTORALE